Globalización, exclusión y democracia en América Latina /

Gardado en:
Detalles Bibliográficos
Autor Principal: Dieterich, Heinz (coordinación)
Formato: Libro
Idioma:Lingua castelá
Publicado: México : Joaquín Mortiz, 1997, c1997
Series:(Contrapuntos Joaquín Mortiz)
Temas:
Etiquetas: Engadir etiqueta
Sen Etiquetas, Sexa o primeiro en etiquetar este rexistro!

MARC

LEADER 00000nam^a2200000^a^4500
001 000400354
005 20250521000000.0
009 20260310121617.326
020 |a 968-27-0696-3 
037 |a Acervo ITESO - Biblioteca 
041 |a ESP 
082 |a 320. 980  |b DIE 
100 |a Dieterich, Heinz  |e (coordinación) 
245 1 0 |a Globalización, exclusión y democracia en América Latina /  |c Coord. de H. Dieterich. 
264 4 |a México :  |b Joaquín Mortiz,  |c 1997, c1997 
300 |a 265 p. 
336 |a texto  |b txt  |2 rdacontenido 
337 |a sin mediación  |b n  |2 rdamedio 
338 |a volumen  |b nc  |2 rdasoporte 
440 1 |a (Contrapuntos Joaquín Mortiz) 
649 |a XX 
650 |a Marginación -  |z Latinoamérica -  |x Tema Principal 
650 |a Globalización -  |z Latinoamérica -  |x Tema Principal 
650 |a Neoliberalismo -  |z Latinoamérica 
650 |a Apertura Comercial e Integración Económica -  |z Latinoamérica 
650 |a Igualdad y Desigualdad -  |z Latinoamérica 
650 |a Democracia -  |z Latinoamérica -  |x Tema Principal 
650 |a Identidad Cultural -  |z Latinoamérica 
650 |a Economía -  |z Latinoamérica 
650 |a Política -  |z Latinoamérica 
650 |a Latinoamérica -  |x Condiciones Políticas 
650 |a Latinoamérica -  |x Historia 
910 |a Fondo Carlos Núñez Hurtado 
920 |a Impresos - Libros 
930 |a Fondos Especiales 
905 |a 117 
901 |a 0500295591  |b IT2  |c ESP  |i d80596  |u 20250521 
902 |a https://opac.biblio.iteso.mx/vufind/Record/000400354